000 00470cam a22001934a 4500
005 20250605164306.0
008 250528s ||||||||||||||||||||||||d
035 _a22278
020 _a9781412996068
040 _aGR-AtMCL
_bgre
_dGR-AtMCL
_eAACR2
245 1 _aINTRODUCTION TO LANGUAGE DEVELOPMENT
250 _a1
260 _bSage Publications,
_c2013
300 _a467
700 1 _aKennison Shelia
_98144
942 _cBK
999 _c7334
_d7334